แสดงรายละเอียดบรรณานุกรม
  กลับหน้าหลัก

Brief Record : Get Marc (ISO 2709) : E-mail record : QR code ปิดหน้าต่าง
LEADER 00000nama 2200000uu 4500
001    196393
003     ULIBM
008    040531s|||| th m m a000 0 tha d
020    974-96226-01-x
041    tha
050    วจ WX157 จ558 2546
100    จีรวรรณ ดนัยตั้งตระกูล.
245    รายงานการวิจัยเรื่อง การศึกษาต้นทุนต่อหน่วยกิจกรรมการบริการผู้ป่วยฉุกเฉิน ณ จุดเกิดเหตุ โรงพยาบาลขอนแก่น = Unit Cost of Emergency Medical Service Khon Kaen Hospital by Jeerawan Danaitangtragul.
260    ขอนแก่น. สำนักงานบริหารโครงการวิจัยและตำรา โรงพยาบาลขอนแก่น. 2546.
440    Report No. 94-2003-15
600    ค่าใช้จ่ายในการรักษาพยาบาล--ไทย--ขอนแก่น--วิจัย.
650    ค่าบริการทางการแพทย์--ไทย--ขอนแก่น--วิจัย.
995    001
รายการนี้ยังไม่มีแท็ก
คุณยังไม่ได้ล็อกอิน คุณสามารถมีกิจกรรมร่วมกับเว็บไซต์ได้ แต่ต้องล็อกอินก่อน ::
  ล็อกอิน
ลำดับที่ ประเภท เลขเรียก สถานที่ สถานะ
1. งานวิจัย
งานวิจัย
วจ WX157 จ558 2546  
  
หนังสือทั่วไป On Shelf
  ขอยืม
   [แสดง 1/1 รายการ]

BibComment


ยังไม่เคยถูกคอมเมนท์

คอมเมนท์ทรัพยากรรายการนี้
  คอมเมนท์: รายงานการวิจัยเรื..
Bib 196393

 
 
 

 Union Library Management : ULibM
Copyright 2026. All Rights Reserved.
скачать бесплатно без регистрации порно красивый секс HD Sex Hindi sex

xxx gou

xxxx

bfxxx

xxxwww

Секса Видео

xxxx

Секса Видео

detube

geilexxx

C99 Shell

worms shell

blod xxx video
Ebony Coed Rihanna Rimes Takes A Dick In Her Young Twat priyaa indian fuck anal and pusssy hardcore indian women xxx desi hardcore fucking part 1 bengalixxxcouple